Contemporary nursing (Record no. 15624)

MARC details
000 -LEADER
fixed length control field 00618nam a22002057a 4500
003 - CONTROL NUMBER IDENTIFIER
control field OSt
005 - DATE AND TIME OF LATEST TRANSACTION
control field 20160210103733.0
008 - FIXED-LENGTH DATA ELEMENTS--GENERAL INFORMATION
fixed length control field 160210b xxu||||| |||| 00| 0 eng d
020 ## - INTERNATIONAL STANDARD BOOK NUMBER
International Standard Book Number 0323101097
040 ## - CATALOGING SOURCE
Original cataloging agency KABU
Transcribing agency KABU
100 ## - MAIN ENTRY--PERSONAL NAME
Personal name Cherry, Barbara
245 ## - TITLE STATEMENT
Title Contemporary nursing
Remainder of title issues, trends, & management
Statement of responsibility, etc. Barbara Cherry, Susan R. Jacob
250 ## - EDITION STATEMENT
Edition statement 6th ed.
260 ## - PUBLICATION, DISTRIBUTION, ETC. (IMPRINT)
Place of publication, distribution, etc. St. Louis, Missouri
Name of publisher, distributor, etc. Elsevier
Date of publication, distribution, etc. 2014
300 ## - PHYSICAL DESCRIPTION
Other physical details xvi, 527 p.
650 ## - SUBJECT ADDED ENTRY--TOPICAL TERM
Topical term or geographic name as entry element Nursing
Geographic subdivision United States
650 ## - SUBJECT ADDED ENTRY--TOPICAL TERM
Topical term or geographic name as entry element Nursing care
Geographic subdivision United States
700 ## - ADDED ENTRY--PERSONAL NAME
Personal name Jacob, Susan R.
942 ## - ADDED ENTRY ELEMENTS (KOHA)
Source of classification or shelving scheme Library of Congress Classification
Koha item type General Collection
Classification part RT41
Item part .C66 2014
Holdings
Withdrawn status Lost status Source of classification or shelving scheme Not for loan Home library Current library Shelving location Date acquired Cost, normal purchase price Total Checkouts Full call number Barcode Date last seen Date last checked out Copy number Price effective from Koha item type Total Renewals
    Library of Congress Classification   Kabarak, Main Campus Kabarak, Main Campus General Stacks 10/02/2016 5631.60 2 RT41 .C66 2014 c.1 016685 10/12/2016 01/09/2016 c. 1 10/02/2016 General Collection  
    Library of Congress Classification   Kabarak, Main Campus Kabarak, Main Campus General Stacks 11/02/2016 5631.60 1 RT41 .C66 2014 c.1 016618 26/04/2019 17/01/2019 c. 1 11/02/2016 General Collection 1
Designed with assistance from East African Informatics Ltd